| Tag |
First Indicator |
Second Indicator |
Subfields |
| LEADER |
00000cas a2200000Ia 4500 |
| 001 |
in00003386721 |
| 005 |
20151206090303.0 |
| 006 |
m o d |
| 007 |
cr un||||||||| |
| 008 |
050822c19419999mauqr pso 0 0eng d |
| 019 |
|
|
|a 297322999
|
| 022 |
|
|
|y 0040-6406
|
| 029 |
0 |
|
|a OCLCS
|b 39802
|
| 029 |
1 |
|
|a OCLCS
|b OP-4051
|
| 029 |
1 |
|
|a NZ1
|b 13260310
|
| 029 |
1 |
|
|a AU@
|b 000045738125
|
| 029 |
1 |
|
|a NZ1
|b 14560692
|
| 035 |
|
|
|a (OCoLC)ocm61313133
|
| 035 |
|
|
|a (OCoLC)61313133
|z (OCoLC)297322999
|
| 040 |
|
|
|a OCLCS
|b eng
|e pn
|c OCLCS
|d OCLCS
|d OCLCQ
|d OCLCG
|d OCLCQ
|d CO3
|d OCLCQ
|d OCLCE
|d OCLCQ
|d OCLCA
|d EYM
|d OCLCA
|d TXA
|d UtOrBLW
|
| 043 |
|
|
|a n-us---
|
| 049 |
|
|
|a TXAM
|
| 050 |
|
4 |
|a PS3053
|b .A23 Electronic
|
| 110 |
2 |
|
|a Thoreau Society.
|
| 240 |
1 |
0 |
|a Thoreau Society bulletin (Online)
|
| 245 |
1 |
4 |
|a The Thoreau Society bulletin.
|
| 264 |
|
1 |
|a Chapel Hill, N.C. :
|b Thoreau Society,
|c 1941-
|
| 310 |
|
|
|a Quarterly
|
| 336 |
|
|
|a text
|b txt
|2 rdacontent
|
| 337 |
|
|
|a computer
|b c
|2 rdamedia
|
| 338 |
|
|
|a online resource
|b cr
|2 rdacarrier
|
| 362 |
1 |
|
|a Began with: No. 1 (Oct. 1941).
|
| 500 |
|
|
|a Editor: 1941-spring 1991, W. Harding.
|
| 500 |
|
|
|a Place of publication varies: Concord, Mass., 1982-
|
| 538 |
|
|
|a Mode of access: World Wide Web.
|
| 555 |
|
|
|a No. 1-100, 1941-summer 1967. (Issued as Thoreau Society booklet no. 22) 1 v.
|
| 588 |
|
|
|a Description based on: No. 1 (Oct. 1941); title from PDF caption title (JSTOR, viewed Oct. 25, 2013).
|
| 588 |
|
|
|a Latest issue consulted: No. 268 (fall 2009) (JSTOR, viewed Oct. 25, 2013).
|
| 500 |
|
|
|a Electronic resource.
|
| 600 |
1 |
0 |
|a Thoreau, Henry David,
|d 1817-1862
|v Periodicals.
|
| 610 |
2 |
0 |
|a Thoreau Society
|v Periodicals.
|
| 700 |
1 |
|
|a Harding, Walter,
|d 1917-1996.
|
| 710 |
2 |
|
|a Thoreau Society.
|t Bulletin.
|
| 776 |
0 |
8 |
|i Print version:
|a Thoreau Society.
|t Thoreau Society bulletin
|x 0040-6406
|w (DLC) 64001911
|w (OCoLC)1767455
|
| 787 |
1 |
|
|t Thoreau Society booklet
|
| 948 |
|
|
|a cataloged
|b h
|c 2013/12/5
|d c
|e spoltoratski
|f 10:08:16 am
|g sc
|
| 994 |
|
|
|a C0
|b TXA
|
| 999 |
|
|
|a MARS
|
| 999 |
f |
f |
|s 1c18fb3a-6523-360a-98e0-33ff7e14c91e
|i 3eef3167-52c9-3a98-8b1e-b1905dbd36a4
|t 0
|
| 952 |
f |
f |
|a Texas A&M University
|b College Station
|c Electronic Resources
|d Available Online
|t 0
|e PS3053 .A23
|g Electronic
|h Library of Congress classification
|
| 998 |
f |
f |
|a PS3053 .A23
|t 0
|l Available Online
|